000 00449nam a2200193Ia 4500
005 20240823050205.0
008 240823s9999||||xx |||||||||||||| ||und||
020 _a978-0-07-463724-1
041 _aENGLISH
082 _A625.14 Q2
100 _aMundrey J S
245 0 _aRailway Track Engineering
250 _a4th
260 _c2012
_b"Tata Mcgraw Hill,New "
500 _aYES
650 _aRailway
_bCivil
942 _cBK
999 _c216684
_d216684